000 00560nam a22001817a 4500
005 20150324113848.0
010 _aENG-112190
020 _a9789350097564
_c299.00
035 _aEN-95722
037 _bDBAD/PUB
082 _a153.4
100 _aVerma, Abhinav
245 _aThe ultimate brain trainer /
_cby Abhinav Verma
260 _aGurgaon
_bHachette Book Publishing
_c2014
270 _a4th & 5th Floor, Corporate Centre, Plot No.94, Sector -44
_bGurgaon
_e122003
300 _a200p.:
_c21cm(pbk)
_bill.
942 _2ddc
_cEN
_mVER
_h153.4
999 _c91488
_d91488